| 000 | 00661nam a2200229Ia 4500 | ||
|---|---|---|---|
| 005 | 20260430150014.0 | ||
| 008 | 008 250103s9999 xx 000 0 eng d | ||
| 037 | _aTheses | ||
| 040 | _aCRL | ||
| 040 | _beng | ||
| 040 | _ceng | ||
| 041 | _2eng | ||
| 041 | _aeng | ||
| 084 | _qCRL | ||
| 100 |
_aTyagi Ekta Au.; Seth Rakesh Kumar Au.; Singh Yogendra Gu.; Seth Ranjana Gu. _91236180 |
||
| 245 | 0 | _aCharacterization of Rv1985c of mycobacterium tuberculosis as nucleoid associated protein | |
| 260 | _c2022 | ||
| 300 | _a86p. | ||
| 700 | _aUniversity of Delhi. Faculty of Science. Department of Zoology | ||
| 942 | _cTH | ||
| 999 |
_c1848710 _d1848710 |
||